Sri Lalita Sahasranama (Record no. 230114)

MARC details
000 -LEADER
fixed length control field 00449nam a2200193Ia 4500
008 - FIXED-LENGTH DATA ELEMENTS--GENERAL INFORMATION
fixed length control field 240823s9999||||xx |||||||||||||| ||und||
020 ## - INTERNATIONAL STANDARD BOOK NUMBER
International Standard Book Number 81-7823-099-2
082 ## - DEWEY DECIMAL CLASSIFICATION NUMBER
-- 294.5925 Q4
100 ## - MAIN ENTRY--PERSONAL NAME
Personal name Swami Tapasyananda
245 #0 - TITLE STATEMENT
Title Sri Lalita Sahasranama
250 ## - EDITION STATEMENT
Edition statement 1st
260 ## - PUBLICATION, DISTRIBUTION, ETC. (IMPRINT)
Date of publication, distribution, etc 2014
Name of publisher, distributor, etc Sri Ramakrishna
500 ## - GENERAL NOTE
General note YES
650 ## - SUBJECT ADDED ENTRY--TOPICAL TERM
Topical term or geographic name as entry element Sahasranama
942 ## - ADDED ENTRY ELEMENTS (KOHA)
Item type Books
Holdings
Withdrawn status Lost status Damaged status Permanent location Current location Date acquired Source of acquisition Cost, normal purchase price Full call number Barcode Date last seen Koha item type
      CENTRAL LIBRARY, NOORUL ISLAM CENTRE FOR HIGHER EDUCATION CENTRAL LIBRARY, NOORUL ISLAM CENTRE FOR HIGHER EDUCATION 11/08/2018 Gift Book from VC 80.00 294.5925 Q4 78363 08/23/2024 Books
Visitors:
Copyright © 2024 Central Library NICHE.  All rights reserved.